Vấn đề ruộng đất ở Việt Nam

שמור ב:
מידע ביבליוגרפי
מחבר ראשי: Lâm Quang Huyên, GS. TS
פורמט: ספר
יצא לאור: Khoa học xã hội 2002
תגים: הוספת תג
אין תגיות, היה/י הראשונ/ה לתייג את הרשומה!
Thư viện lưu trữ: Mạng thư viện Đại học Đà Nẵng
LEADER 00576nam a2200229 a 4500
001 000029469
003 13839
005 20171030145630.0
008 171030s2002
020 |c 59000 
040 |a LTT 
082 0 |a 333.01  |b LÂ-H 
100 1 |a Lâm Quang Huyên, GS. TS 
245 0 0 |a Vấn đề ruộng đất ở Việt Nam  |c Lâm Quang Huyên. 
260 |b Khoa học xã hội  |c 2002 
OWN |a LTT 
999 |a From the UDN01 
TYP |a Monograph 
TYP |a Printed language 
980 |a Mạng thư viện Đại học Đà Nẵng